The Journal (Record no. 118859)

MARC details
000 -LEADER
fixed length control field 00903cas a22002535a 4500
001 - CONTROL NUMBER
control field ##L133977
008 - FIXED-LENGTH DATA ELEMENTS--GENERAL INFORMATION
fixed length control field 060627n2006 xxkbr p a eng u
022 1# - INTERNATIONAL STANDARD SERIAL NUMBER
International Standard Serial Number 1754-9116 (Print)
022 1# - INTERNATIONAL STANDARD SERIAL NUMBER
International Standard Serial Number 1754-9124 (Online)
035 ## - SYSTEM CONTROL NUMBER
System control number (Sirsi) u133977
041 0# - LANGUAGE CODE
Language code of text/sound track or separate title eng
110 2# - MAIN ENTRY--CORPORATE NAME
Corporate name or jurisdiction name as entry element Royal Institution of Chartered Surveyors
Subordinate unit Residential Property Faculty
9 (RLIN) 4304
240 00 - UNIFORM TITLE
Uniform title RICS Residential Property Journal
245 04 - TITLE STATEMENT
Title The Journal
Remainder of title RICS Residential Property Journal
Medium [electronic resource]
260 ## - PUBLICATION, DISTRIBUTION, ETC.
Place of publication, distribution, etc. London
Name of publisher, distributor, etc. RICS
Date of publication, distribution, etc. 2006-
362 ## - DATES OF PUBLICATION AND/OR SEQUENTIAL DESIGNATION
Dates of publication and/or sequential designation London: (1) April 2006-
362 0# - DATES OF PUBLICATION AND/OR SEQUENTIAL DESIGNATION
Dates of publication and/or sequential designation Edinburgh: (1) April 2006-
554 ## -
-- Six per year
651 #4 - SUBJECT ADDED ENTRY--GEOGRAPHIC NAME
Geographic name United Kingdom
Chronological subdivision
690 ## - LOCAL SUBJECT ADDED ENTRY--TOPICAL TERM (OCLC, RLIN)
Topical term or geographic name as entry element PROPERTY-RESIDENTIAL PROPERTY
780 00 - PRECEDING ENTRY
Title Residential Newsletter
856 41 - ELECTRONIC LOCATION AND ACCESS
Uniform Resource Identifier <a href="https://www.rics.org/site/scripts/downloads.aspx?categoryID=671">https://www.rics.org/site/scripts/downloads.aspx?categoryID=671</a>
Public note View the journal free of charge at www.rics.org/archive
942 ## - ADDED ENTRY ELEMENTS (KOHA)
Suppress in OPAC 0
Holdings
Withdrawn status Lost status Source of classification or shelving scheme Damaged status Not for loan Home library Current library Shelving location Date acquired Total Checkouts Full call number Barcode Date last seen Price effective from Koha item type
    Dewey Decimal Classification     London London Gallery 27/06/2006   RICS RESIDENTIAL PROPERTY JOURNAL 133977-1001 06/08/2019 06/08/2019 Journal
    Dewey Decimal Classification     Virtual Virtual Online 27/06/2006   ONLINE PUBLICATION 133977-3001 06/08/2019 06/08/2019 Journal